RWBY - Aura Colors - Statistics

General Stats
  • This quiz has been taken 109 times
  • The average score is 29 of 38
Answer Stats
Character Aura Color % Correct
Ozpin Green
100%
Oscar Pine Green
100%
Penny Polendina Green
100%
Pietro Polendina Green
100%
Ruby Rose Red
100%
Pyrrha Nikos Red
100%
Raven Branwen Red
100%
Adam Taurus Red
100%
Yang Xiao Long Yellow
100%
Sun Wukong Yellow
100%
Tock Yellow
100%
Lie Ren Pink
97%
Rhodes Pink
97%
Neopolitan Pink
97%
Harriet Bree Pink
97%
Blake Belladonna Purple
97%
Ghira Belladonna Purple
97%
Tyrian Callows Purple
97%
May Marigold Blue
94%
Winter Schnee Blue
94%
James Ironwood Blue
94%
Mercury Black White
94%
Cinder Fall Orange
87%
Weiss Schnee Light Blue
67%
Vine Zeki Light Blue
67%
Marrow Amin Light Blue
67%
Fria Light Blue
67%
Leonardo Lionheart Gold
63%
Elm Ederne Brown
52%
Qrow Branwen Dark Red
44%
Nora Valkyrie Light Pink
40%
Jaune Arc Light Yellow
38%
Fiona Thyme Light Yellow
38%
Arthur Watts Lime
32%
Maria Calavera Teal
32%
Amber Light Orange
25%
Clover Ebi Turquoise
17%
Robyn Hill Lilac
16%
No matching quizzes found
Score Distribution
Percent of People with Each Score
Percentile by Number Answered
Your Score History
You have not taken this quiz